000 00586nam a2200229Ia 4500
003 OSt
005 20220928104017.0
006 a|||||r|||| 00| 0
007 ta
008 220927b |||||||| |||| 00| 0 eng d
024 _a62040
037 _cTextual
040 _aSDCL
_cSDCL
_beng
041 _2eng
_aeng
082 _aNTwM44, L7
100 _aLesberg Sandy
_9408189
245 0 _aMemoirs of sarah bernhardt
260 _aLondon
_bPeebles Press
_c1977
300 _a255p
_ccm.
942 _hNTwM44, L7
_cTEXL
_2CC
999 _c723673
_d723673